El mundo medieval. Legado y alteridad.

Gorde:
Xehetasun bibliografikoak
Beste egile batzuk: Cerda Costabal, José Manuel (Argitaratzailea)
Formatua: Liburua
Hizkuntza:ingelesa
Argitaratua: Santiago, Chile: Ediciones Universidad Finis Terrae; Escuela de Historia-CIDOC, 2009.
Saila:Colección Re-visiones.
Gaiak:
Etiketak: Etiketa erantsi
Etiketarik gabe, Izan zaitez lehena erregistro honi etiketa jartzen!

MARC

LEADER 00000nam a22000007a 4500
003 CL-VaPUC
005 20241127095413.0
008 241115t2009 ||||| |||| 00| 0 eng d
999 |c 445725  |d 445723 
020 |a 978-956-7757-10-7 
040 |c Pontificia Universidad Católica de Valparaíso 
082 |2 22  |a 940.1 CER 2009 
100 |9 888332  |a Cerda Costabal, José Manuel  |e editor 
245 |a El mundo medieval.  |b Legado y alteridad. 
260 |a Santiago, Chile:  |b Ediciones Universidad Finis Terrae;  |b Escuela de Historia-CIDOC,  |c 2009. 
300 |a 366 páginas. 
490 |a Colección Re-visiones. 
500 |a c.1 Donación. Memo EDU. 12-11-2024. 
583 |c 20241115  |k Yessy Sthefany Diaz Vidal 
611 0 |9 893859  |a Simposio de Estudios Medievales,  |c Universidad Finis Terrae  |d 11-12 septiembre, 2008  |v Ponencias  |z Santiago, Chile 
650 0 |9 258041  |a Edad media  |v Historia  |y Siglos 5-15 
942 |2 ddc  |c BK 
952 |0 0  |1 0  |2 ddc  |4 0  |6 940_100000000000000_CER_2009  |7 0  |8 A  |9 598057  |a BIBEDU  |b BIBEDU  |d 2024-11-15  |e Donación  |i 5663241  |o 940.1 CER 2009  |p 5663241  |r 2024-11-15  |t 1  |w 2024-11-15  |y BK  |k EDU